Timeless love : poems, stories, and letters /

"This beautiful, giftable collection celebrates the beauty and the agony of love through classic poems, stories, and letters from beloved writers"--

Bibliographic Details
Other Authors: Bailey, Jocelyn L. (Editor)
Format: Book
Language:English
Published: [Nashville] : [Thomas Nelson], [2020]
Subjects:

MARC

Tag First Indicator Second Indicator Subfields
LEADER 00000cam a22000008i 4500
001 in00004436708
008 200623s2020 tnu 000 0 eng
005 20250318213319.9
010 |a  2020027073 
020 |a 9780785245919 
020 |a 078524591X 
020 |z 9780785246244  |q (epub) 
020 |z 9780785248415 
035 |a (OCoLC)on1163959660 
035 |a (OCoLC)1163959660 
040 |a DLC  |b eng  |e rda  |c DLC  |d OCLCO  |d BDX  |d OCLCF  |d YDX  |d CGL 
042 |a pcc 
050 0 0 |a PN6071.L7  |b T56 2020 
082 0 0 |a 808.8/03543  |2 23 
245 0 0 |a Timeless love :  |b poems, stories, and letters /  |c [edited by Jocelyn Bailey]. 
263 |a 2012 
264 1 |a [Nashville] :  |b [Thomas Nelson],  |c [2020] 
300 |a vi, 296 pages ;  |c 19 cm 
336 |a text  |b txt  |2 rdacontent 
337 |a unmediated  |b n  |2 rdamedia 
338 |a volume  |b nc  |2 rdacarrier 
520 |a "This beautiful, giftable collection celebrates the beauty and the agony of love through classic poems, stories, and letters from beloved writers"--  |c Provided by publisher. 
650 0 |a Love  |v Literary collections. 
650 7 |a Love.  |2 fast  |0 (OCoLC)fst01002769 
655 7 |a Literary collections.  |2 fast  |0 (OCoLC)fst01423811 
700 1 |a Bailey, Jocelyn L.,  |e editor. 
852 8 |b pda,print  |z This title is available for the library to purchase for your use. Click the "Purchase It For Me" button to place a request. This item may take 5-10 business days to arrive. 
955 |a Print PDA title 
999 f f |s 67973e6f-f3fd-4171-b4c3-81caf21824d1  |i c0ead046-b186-3527-8bf6-a0e7ba56c920  |t 0 
952 f f |a Texas A&M University  |b College Station  |c Sterling C. Evans Library  |d Purchase on Demand  |t 0  |e PN6071.L7 T56 2020  |h Library of Congress classification 
998 f f |a PN6071.L7 T56 2020  |t 0  |l Purchase on Demand